[Event "Pontevedra op 3rd"]
[Site "Pontevedra"]
[Date "2015.08.09"]
[Round "2"]
[White "Guerra Bastida, Diego"]
[Black "Garcia Vilas, Mario"]
[Result "1-0"]
[WhiteElo "2304"]
[BlackElo "1916"]
[PlyCount "53"]
[EventDate "2015.08.09"]
[EventType "swiss"]
[EventRounds "9"]
[EventCountry "ESP"]
[SourceTitle "EXT 2016"]
[Source "ChessBase"]
[SourceDate "2015.10.08"]
[SourceVersion "1"]
[SourceVersionDate "2015.10.08"]
[SourceQuality "1"]

1. d4 Nf6 2. c4 g6 3. Nc3 d5 4. cxd5 Nxd5 5. e4 Nxc3 6. bxc3 Bg7 7. Be3 c5 8. Qd2 Qa5 9. Rc1 cxd4 10. cxd4 Qxd2+ 11. Bxd2 0-0 12. Be3 Nc6 13. d5 Ne5 14. h3 a6 15. f4 Nd7 16. e5 e6 17. dxe6 fxe6 18. Bc4 Re8 19. Ne2 Bf8 20. Bb3 Bb4+ 21. Kf2 Rb8 22. Rhd1 b6 23. Rxc8 Rbxc8 24. Rxd7 Bc5 25. Nd4 Bxd4 26. Bxd4 Rc6 27. Rd6 1-0